बसंती बुआज़ी / (Record no. 115873)

MARC details
000 -LEADER
fixed length control field 01015nam a22002777a 4500
003 - CONTROL NUMBER IDENTIFIER
control field dpl
005 - DATE AND TIME OF LATEST TRANSACTION
control field 20180704163213.0
008 - FIXED-LENGTH DATA ELEMENTS--GENERAL INFORMATION
fixed length control field 180704b xxu||||| |||| 00| 0 eng d
010 ## - LIBRARY OF CONGRESS CONTROL NUMBER
LC control number B-069098
020 ## - INTERNATIONAL STANDARD BOOK NUMBER
Terms of availability 100.00
035 ## - SYSTEM CONTROL NUMBER
System control number B-069098, B-069102
037 ## - SOURCE OF ACQUISITION
Source of stock number/acquisition Cen Lib/Ret
040 ## - CATALOGING SOURCE
Original cataloging agency DPL
Language of cataloging HN
Transcribing agency 0
082 ## - DEWEY DECIMAL CLASSIFICATION NUMBER
Classification number
Item number शर्माय
100 ## - MAIN ENTRY--PERSONAL NAME
Personal name शर्मा, यज्ञदत्त
9 (RLIN) 63646
245 ## - TITLE STATEMENT
Title बसंती बुआज़ी /
Statement of responsibility, etc यज्ञदत्त शर्मा
246 ## - VARYING FORM OF TITLE
Title proper/short title Basanti buaji /
Remainder of title by Yagya Dutt Sharma
260 ## - PUBLICATION, DISTRIBUTION, ETC. (IMPRINT)
Place of publication, distribution, etc दिल्ली
Name of publisher, distributor, etc लाइब्रेरी बुक सेंटर
Date of publication, distribution, etc 2000
270 ## - ADDRESS
City दिल्ली
Address मालीवाडा
Postal code 110006
300 ## - PHYSICAL DESCRIPTION
Extent 108पृ.
Dimensions 21सेमी(सजिल्द)
650 ## - SUBJECT ADDED ENTRY--TOPICAL TERM
Topical term or geographic name as entry element हिन्दी साहित्य
9 (RLIN) 63647
650 ## - SUBJECT ADDED ENTRY--TOPICAL TERM
Topical term or geographic name as entry element उपन्यास
9 (RLIN) 63648
650 ## - SUBJECT ADDED ENTRY--TOPICAL TERM
Topical term or geographic name as entry element Hindi literature
9 (RLIN) 63649
650 ## - SUBJECT ADDED ENTRY--TOPICAL TERM
Topical term or geographic name as entry element Fiction
9 (RLIN) 8901
942 ## - ADDED ENTRY ELEMENTS (KOHA)
Source of classification or shelving scheme Dewey Decimal Classification
Koha item type Hindi Books
Classification part
Call number suffix शर्माय
Holdings
Withdrawn status Lost status Damaged status Not for loan Home library Current library Date acquired Source of acquisition Cost, normal purchase price Total Checkouts Full call number Barcode Date last seen Copy number Cost, replacement price Price effective from Koha item type Source of classification or shelving scheme
        Central Library Central Library 21/08/2015 Cen Lib/Ret 100.00   उ शर्माय B-069098 21/08/2015 1 100.00 21/08/2015 Hindi Books  
        Shahdara Branch Shahdara Branch 04/07/2018 BPPD/PUB 100.00   उ शर्माय B-069102 04/07/2018   100.00 04/07/2018 Hindi Books Dewey Decimal Classification

© Delhi Public Library
Hit Counter
free hit counter